000 00931nam a2200241Ia 4500
003 GCL
008 140319s9999 xx 000 0 ara d
020 _a9699101977
040 _aGCL /
_cGCL
082 0 4 _aق
_b260
_bا ع
100 1 _aاحمد صبحى منصور
245 1 0 _aالعقائد الدينية فى مصر المملوكية بين الاسلام والتصوف /
_cاحمد صبحى منصور
260 _aالقاهرة :
_bالهيئة المصرية العامة للكتاب ،
_c2000
300 _a418 ص ؛
_c22 سم
490 _aتاريخ المصريين
_v186
650 0 4 _aالطرق الصوفية
650 0 4 _aالكرامات
650 0 4 _aالتصوف - تاريخ
650 0 4 _aالتصوف الاسلامى - مصادر
650 0 4 _aالتصوف الاسلامى - مدرسة مصر
650 0 4 _aمصر - تاريخ - عصر المماليك ( 1250-1517 م )
942 _2ddc
_cBK
999 _c34668
_d34668